Teaching English / (Record no. 40892)

MARC details
000 -LEADER
fixed length control field 00625nam a22001937a 4500
005 - DATE AND TIME OF LATEST TRANSACTION
control field 20100811114222.0
010 ## - LCCN (DPL NO)
LC control number ENG-99568
020 ## - INTERNATIONAL STANDARD BOOK NUMBER
International Standard Book Number 9788190732253
Terms of availability 50.00
035 ## - SYSTEM CONTROL NUMBER
System control number EN-83100
037 ## - SOURCE OF ACQUISITION
Source of stock number/acquisition DBAD/PUB
082 ## - DEWEY DECIMAL CLASSIFICATION NUMBER
Classification number 485
100 ## - MAIN ENTRY--PERSONAL NAME
Personal name Revathi, R
245 ## - TITLE STATEMENT
Title Teaching English /
Statement of responsibility, etc by R Revathi
260 ## - PUBLICATION, DISTRIBUTION, ETC. (IMPRINT)
Place of publication, distribution, etc Chennai
Name of publisher, distributor, etc Gangadhar Padhipagam
Date of publication, distribution, etc 2008
270 ## - ADDRESS
Address New No 19 Azeez nagar Ist Street Kodambakkam
City Chennai
Postal code 600024
300 ## - PHYSICAL DESCRIPTION
Extent 57p
Dimensions 18cm(pbk)
942 ## - ADDED ENTRY ELEMENTS (KOHA)
Source of classification or shelving scheme Dewey Decimal Classification
Item type English Books
Classification part 485
Call number suffix REV
Holdings
Withdrawn status Lost status Not for loan Collection code Home library Current library Date acquired Source of acquisition Cost, normal purchase price Full call number Barcode Copy number Cost, replacement price Koha item type
    Not For Loan Non-fiction D.B.Act.Division D.B.Act.Division 11/08/2010 DBAD/PUB 50.00 485 REV EN-83100 1 50.00 English Books

© Delhi Public Library
Hit Counter
free hit counter